Stimmen aus dem Wüstensand : Briefkultur im griechisch-römischen Ägypten /

محفوظ في:

مؤلف مشترك: Österreichische Nationalbibliothek. Papyrusmuseum.

مؤلفون آخرون: Kreuzsaler, Claudia, Palme, Bernhard., Zdiarsky, Angelika.

التنسيق: كتاب

اللغة: German

منشور في: Wien : Phoibos Verlag, 2010.

سلاسل: Nilus ; 17.

الموضوعات:

الوسوم: إضافة وسم

لا توجد وسوم, كن أول من يضع وسما على هذه التسجيلة!

رقم الطلب: PA3042 .S845 2010

LEADER 01479nam a22003617a 4500
003 OSt
005 20250915125442.0
008 250915s2010 au a g c 000 0 ger d
010 |a 2011397676 
020 |a 9783851610321 
040 |c ARCE Library 
043 |a e-au---  |a f-ua--- 
050 1 4 |a PA3042   |b .S845 2010 
245 0 0 |a Stimmen aus dem Wüstensand :   |b Briefkultur im griechisch-römischen Ägypten /   |c Herausgegeben von Claudia Kreuzsaler, Bernhard Palme, Angelika Zdiarsky. 
246 3 0 |a Briefkultur im griechisch-römischen Ägypten. 
264 1 |a Wien :   |b Phoibos Verlag,   |c 2010. 
300 |a x, 184 pages :   |b illustrations (some color) ;   |c 25 cm. 
490 1 |a Nilus ;   |v 17. 
500 |a Catalog of an exhibition held June 10, 2010-Jan. 15, 2011 at the Papyrus Museum of the Austrian National Library. 
504 |a Includes bibliographical references. 
610 2 0 |a Österreichische Nationalbibliothek.  |b Papyrusmuseum  |v Catalogs. 
650 0 |a Classical letters  |z Egypt  |x History and criticism. 
650 0 |a Letter writing, Classical  |z Austria  |v Exhibitions. 
650 0 |a Letter writing, Classical  |z Egypt  |v Exhibitions. 
650 0 |a Paleography, Greek  |z Egypt  |v Exhibitions. 
700 1 |a Kreuzsaler, Claudia,  |9 34193 
700 1 |a Palme, Bernhard.   |9 37256 
700 1 |a Zdiarsky, Angelika.  |9 42652 
710 2 |a Österreichische Nationalbibliothek.  |b Papyrusmuseum. 
830 0 |a Nilus ;   |v 17. 
901 |a reviewed 
942 |c BK  |2 lcc 
999 |c 22238  |d 22238